|
|
|
|
| LEADER |
00000nab a2200000 4500 |
| 001 |
vtls008695070 |
| 003 |
SK-MaSNL |
| 005 |
20260304212259.0 |
| 008 |
150420 1962 xo p 000 0 slo |
| 015 |
|
|
|a SNBRRADKK190120XX
|
| 035 |
|
|
|a CLAS02vtls000012590
|
| 040 |
|
|
|a SNKBUDKK
|b slo
|c SNKBUDKK
|e a
|
| 041 |
0 |
|
|a slo
|
| 044 |
|
|
|a xo
|c SK
|
| 080 |
|
|
|a 015
|x (437.6)
|2 1997
|
| 080 |
|
|
|a 929 Rizner, Ľ.V.
|2 1997
|
| 100 |
1 |
|
|a Potemra, Michal,
|d 1922-2002
|4 aut
|9 185296
|
| 245 |
1 |
0 |
|a Neznáme vyhlásenie Ľ. V. Riznera z r. 1906
|c Michal Potemra
|
| 300 |
|
|
|b Fotogr. 1
|
| 500 |
|
|
|a Rubrika: Referáty-recenzie
|
| 600 |
1 |
7 |
|a Rizner, Ľudovít Vladimír,
|d 1849-1913
|2 SNKBUDKK
|9 114879
|
| 650 |
0 |
7 |
|a národná bibliografia
|z Slovensko
|2 SNKBUDKK
|9 1544173
|
| 773 |
0 |
|
|t Bibliografický sborník 1962
|d Martin : Matica slovenská, 1962
|g S. 199-202
|
| 850 |
|
|
|a SNK
|
| 852 |
|
|
|a SNK
|b KIS3GCP
|
| 856 |
4 |
1 |
|u http://www.viks.sk/dkk/bs62_199_202.doc
|y plný text
|
| 910 |
|
|
|a bdkk
|a memoriask
|
| 999 |
|
|
|c 3130749
|d 3132679
|